| 000 | 00624nam a2200205Ia 4500 | ||
|---|---|---|---|
| 001 | 8990 | ||
| 003 | GE_BSU | ||
| 008 | 181216s||||||||xx |||||||||||||| ||und|| | ||
| 040 | _cGE_BSU | ||
| 080 | _a821.353.1–2 | ||
| 100 | _aკარსანიძე,ვ. | ||
| 245 | _aბედნიერი შეხვედრა:კინოსცენარი | ||
| 245 | _cრედ.ლეო ესაკია | ||
| 260 | _aთბილისი | ||
| 260 | _bხელოვნება | ||
| 260 | _c1953 | ||
| 300 | _a94გვ.19სმ. | ||
| 653 | _aბედნიერი შეხვედრა | ||
| 942 | _cBK | ||
| 999 |
_c42295 _d42295 |
||